01169nam a22002297a 450000500170000000800410001704000090005804100080006708200210007510000230009624500950011926000410021430000280025536500310028344000360031452004760035065000180082665000180084465000170086270000250087970000350090420220425094710.0220422b ||||| |||| 00| 0 eng d cAloy aeng 223a954.07bKUFC aAli Ibn Hamid Kufi aChachnamah: An ancient history of Sind:bGiving the Hindu period down to the Arab conquest aDelhibIdarahi Adabiyati Dellic1979 aiii,207p.bHBc24x16 cm 2Historyb80.00c₹d80.00 aIAD oriental(Reprint) series 45 aThis is the English version of the Chachnamah. The Chachnamah is a Persian translation of an Arabic manuscript on the conquest of Sind (Sindh) and parts of Hind (India) by the Arabs, written by Ali son of Muhammad Kufi, originally of Kufah (in Iraq), but subsequently a resident of Uch, in 613 A.H. (1216 A.D.). The English translation was completed by Mirza Kalichbeg Fredunbeg in the year 1900. This reprinted edition was produced by Rana Saad in 2004 in Maryland, USA. aIslami Empire aPakistan Sind aCivilization aKUFI (Ali Ibn Hamid) aFREDUNBEG (Mirza Kalichbeg) Tr